| 000 | 01772nam2a22002771 4500 | ||
|---|---|---|---|
| 001 | RU\NLR\INFOCOMM_29\5000104776 | ||
| 005 | 20250617145210.0 | ||
| 035 | _a(NLR Aleph) 002726807 | ||
| 090 |
_a1924695 _c1924695 |
||
| 100 | _a20050203d1972 |||y0rusy50 ca | ||
| 101 | 0 | _arus | |
| 102 | _aRU | ||
| 105 | _ay ||||000|y | ||
| 200 | 1 |
_aПостоянные запоминающие устройства _fН.И. Докукина |
|
| 210 |
_d1972 _aБ. м. |
||
| 225 | 1 |
_a... _vВып.34 _i... _v1972, №2 |
|
| 461 | 0 |
_1001RU\NLR\INFOCOMM29\5000103559 _12001#$aТематические указатели литературы$fМ-во электронной пром-сти СССР. Ин-т "Электроника"$vВып.34 _91907610 _a"Электроника", институт (Москва) _cМ. _d1962-1983 _fМ-во электронной пром-сти СССР. Ин-т "Электроника" _tТематические указатели литературы _vВып.34 |
|
| 462 | 0 |
_1001RU\NLR\INFOCOMM29\5000104755 _12001#$aТематические указатели литературы$hСерия 9$iЭкономика и системы управления$fЦНИИ "Электроника"$v1972, №2 _91924676 _a"Электроника", институт (Москва) _cМ. _d1972-1979 _fЦНИИ "Электроника" _hСерия 9 _iЭкономика и системы управления _tТематические указатели литературы. - Тематические указатели литературы _v1972, №2 |
|
| 700 | 1 |
_aДокукина _bН.И. _4070 |
|
| 801 | 1 |
_aRU _bInfoComm _c20050203 |
|
| 801 | 0 |
_aRU _bNLR _gPSBO |
|
| 852 |
_aNLR _jС315-410/Т-32 |
||
| 942 | _cISSUE | ||
| 980 | _aNB | ||
| 980 | _aRUSPER | ||